000 00842nam a2200253 4500
999 _c3501
_d3501
001 2723682
003 GBCCL
005 20241126110456.0
008 700814s1970 tnu 000 0 eng
010 _a 77113217
040 _aDLC
_cDLC
_dDLC
050 0 0 _aBV4832.2
_b.S88
082 0 0 _a242
_bSUL
100 1 _aSullivan, James L.
_93092
245 1 0 _aReach out!
_c[By] James L. Sullivan. Compiled by Gomer R. Lesch.
260 _aNashville,
_bBroadman Press
_c[1970]
300 _a128 p.
_c20 cm.
490 0 _aA Broadman inner circle book
500 _aA collection of essays written for Facts and trends, the monthly publication of the Sunday School Board, Southern Baptist Convention.
650 0 _aMeditations.
_91412
730 _aFacts and trends.
_97048
906 _a7
_bcbc
_corignew
_d2
_encip
_f19
_gy-gencatlg
942 _2ddc
_cBK